Normal view
MARC view
- Turabi, Aleef-ul-Din
Entry Personal Name
001 - CONTROL NUMBER
- control field: 17237
003 - CONTROL NUMBER IDENTIFIER
- control field: NUST
005 - DATE AND TIME OF LATEST TRANSACTION
- control field: 20190710060549.0
008 - FIXED-LENGTH DATA ELEMENTS
- fixed length control field: 190710|| aca||aabn | a|a d
040 ## - CATALOGING SOURCE
- Original cataloging agency: NUST
- Transcribing agency: NUST
100 ## - HEADING--PERSONAL NAME
- Personal name: Turabi, Aleef-ul-Din
670 ## - SOURCE DATA FOUND
- Source citation: Work cat.: (NUST): Turabi, Aleef-ul-Din, Tareek-e-Azadi-e-Kashmir /, 1992.
